Responses for show #5132 - Tuesday, December 26, 2006

Contestants

[<< previous game]

Jocelyn Beer, an attorney from Washington, D.C.

Robert Alden, a middle school math teacher from Ames, Iowa

Glenn Woertz, a home inspector and minister from Alpine, New Jersey (whose 1-day cash winnings total $27,800)

[next game >>]

Jeopardy! Round responses

COLORADO DREAMING
PHOTOGRAPHERS
I'LL HAVE THE BEEF
ANAGRAMMED CABINET DEPARTMENTS
JAMES BOND
"OO" 7-LETTER WORDS
    $200 17
gold

Robert
    $200 5
Boris Yeltsin

Jocelyn
    $200 13
fat

Robert
    $200 2
Justice

Glenn
    $200 8
M

Glenn
    $200 1
shampoo

Jocelyn
    $400 18
Boulder

Jocelyn
    $400 6
Annie Leibovitz

Jocelyn
    $400 14
Prime

Jocelyn
    $400 27
State

Robert
    $400 9
Dr. No

Jocelyn
    $400 3
a crooner

Robert
    $600 21
NORAD

Robert
    $600 7
Man Ray

Glenn
    $600 15
Salisbury

Glenn
    $600 28
Energy

Robert
    $600 10
(Daniel) Craig

Robert
    $600 4
snooker

Jocelyn
    $800 22
red

Robert
    $800 19
Ansel Adams

Glenn
    $800 16
chuck

Glenn
    $800 29
Defense

Robert
    $800 11
(Halle) Berry

Robert
    $800 25
zoology

Glenn
    $1000 23
(Glenn: What is Colorado Springs?)

Steamboat Springs

GlennRobert
    $1,000 20
(Glenn: Who is Hodgson?)
(Alex: No, sorry, his name was Charles Dodgson. You know him much better, of course, as [*].

Lewis Carroll

Glenn
    $1000 24
pepper

Jocelyn
    $1000 30
Agriculture

Triple Stumper
    $1000 12
(Alex: Yeah, I find that hard to believe also.)

Hoagy Carmichael

Glenn
    $1000 26
vamoose

Robert

Scores at the first commercial break (after clue 16):

Glenn Robert Jocelyn
$3,400 $2,000 $2,200

Scores at the end of the Jeopardy! Round:

Glenn Robert Jocelyn
$3,000 $7,400 $3,600

Double Jeopardy! Round responses

MEDICINE
1970s ALBUMS
A "LITTLE" LIT
A BOY NAMED SUE, ET AL.
ARCHDUKE UNIVERSITY
WORD & PHRASE ORIGINS
    $400 30
folic

Robert
    $400 2
(Glenn: Who is The King, [*]?)

Elvis Presley

Glenn
    $400 7
The Little Engine That Could

Robert
    $400 20
Maury Povich

Robert
    $400 28
Holy Roman Emperor

Jocelyn
    $400 1
(Robert: What is silicon?)
(Alex: [*], yes.)
[Originally ruled correct, but since Alex did not ask him to be more specific, while Robert's score was deducted the $400 he had been credited, he was not penalized for an incorrect response.]

Silicon Valley

Triple Stumper
    $800 16
X-rays

Robert
    $800 8
(Glenn: What is Staying Alive?)

Saturday Night Fever

GlennRobert
    $800 12
The Little Prince

Robert
    $800 21
Glenn Close

Jocelyn
    $800 25
Napoleon

Jocelyn
    $800 3
parka

Glenn
    $1200 17
wrist

Robert
    $1200 9
(Peter) Frampton

Robert
    $1200 13
Little House on the Prairie

Robert
    $1200 22
Joyce Kilmer

Glenn
    $1200 26
Spain

Jocelyn
    $2,000 4
upper crust

Glenn
    $1,000 18
tick

Robert
    $1600 10
Billy Joel

Robert
    $1600 14
A Million Little Pieces

Robert
    $1600 23
Hallmark

Robert
    $1600 27
(Glenn: What is Ferdinand?)

Maximilian

GlennRobert
    $1600 5
hypocrite

Triple Stumper
    $2000 19
face transplant

Glenn
    $2000 11
Tapestry

Jocelyn
    $2000 15
Little Eva

Jocelyn
    $2000 24
Evelyn Waugh

Glenn
    $2000 29
the Hapsburgs

Robert
    $2000 6
(Alex [after revealing the correct response]: Let's go somewhere else. I know, you know that, you didn't want to say it.)

delphinium

Triple Stumper

Scores at the end of the Double Jeopardy! Round:

Glenn Robert Jocelyn
$9,000 $24,000 $10,800
(lock game)

[wagering suggestions for these scores]

Final Jeopardy! Round responses

THE STOCK MARKET
(Alex: Where you can spend your money.)
GlennWhat is Harley-Davidson?
$8,000
JocelynWhat is Harley Davidson?
$8,000
RobertWhat is Harley Davidson?
$1,000
Harley-Davidson

Final scores:

Glenn Robert Jocelyn
$17,000 $25,000 $18,800
3rd place: $1,000 New champion: $25,000 2nd place: $2,000

Game dynamics:

Coryat scores:

Glenn Robert Jocelyn
$9,200 $24,600 $10,800
14 R
(including 1 DD),
4 W
(including 1 DD)
27 R
(including 1 DD),
0 W
14 R,
0 W

Combined Coryat: $44,600

The J! Archive is created by fans, for fans. The Jeopardy! game show and all elements thereof, including but not limited to copyright and trademark thereto, are the property of Jeopardy Productions, Inc. and are protected under law. This website is not affiliated with, sponsored by, or operated by Jeopardy Productions, Inc. Join the discussion at JBoard.tv.